Statistics for Most popular baby boy names in Finland

Click here to take the quiz!

General Stats

  • This quiz has been taken 628 times
  • The average score is 9 of 30

Answer Stats

Name% Correct
12Joona
50%
7Aleksi
48%
1Onni
45%
16Lauri
44%
2Elias
43%
5Eetu
41%
17Mikael
41%
6Veeti
39%
10Leevi
36%
4Oliver
35%
22Samuel
35%
13Matias
35%
20Eemeli
33%
3Leo
32%
29Valtteri
30%
11Daniel
30%
25Akseli
28%
15Joel
27%
14Väinö
27%
28Aatu
26%
19Viljami
21%
8Niilo
20%
23Julius
20%
24Nooa
20%
30Miro
19%
21Rasmus
19%
9Eino
19%
26Jimi
16%
27Vilho
15%
18Lenni
13%

Score Distribution

Percentile by Number Answered

Percent of People with Each Score

Your Score History

You have not taken this quiz